Na potulky bielou stopou pezinských Karpát

Bibliographic Details
Main Author: Khandl, Ladislav, 1946- (Author)
Format: Article
Language:Slovak
Subjects:

MARC

LEADER 00000nab a2200000 a 4500
001 vtls000703164
003 SK-MaSNL
005 20260305032917.0
008 180206c1999 xo 0 slo
015 |a SNBRB1999/10-23871 
035 |a CLN000055331 
040 |a SNKBUCL  |b slo  |c SNKBUCL  |e AACR2 
041 0 |a slo 
044 |a xo  |c SK 
080 |a 379.847:796.92  |2 UDC-MRF-SK2 
080 |a 796.92  |2 UDC-MRF-SK2 
100 1 |a Khandl, Ladislav,  |d 1946-  |4 aut  |9 160883 
245 1 0 |a Na potulky bielou stopou pezinských Karpát  |c Ladislav Khandl 
650 0 7 |a lyžiarske svahy  |2 snkbucl  |9 55250 
650 0 7 |a zimná turistika  |2 snkbucl  |9 72873 
651 7 |a Pezinok (Slovensko : okres)  |2 SNKPHgeo  |9 71003 
651 7 |a Baba (Slovensko : sedlo)  |2 SNKPHgeo  |9 225114 
651 7 |a Malé Karpaty (Slovensko : pohorie)  |2 snkbucl  |9 17931 
655 7 |a články z novín a časopisov  |2 snkbucl  |9 267496 
773 0 |t Kormorán  |g Roč. 2, č. 1 (1999), s. 17 
850 |a Slovenská národná knižnica v Martine 
852 |a SNK  |b KIS3GCP 
958 |a RBX 
958 |a SK 
999 |c 3322136  |d 3324066